000 00347nam a2200157Ia 4500
005 20250425161137.0
008 250425s9999 xx 000 0 und d
041 _aspa
082 _aIBM4381
245 0 _aFUNDAMENTO DE GEOMETRIA
250 _a1A ED.
260 _aCosta Rica
_bS.E.
_c1900
260 _aS.L.
942 _c01
010 _a13664
999 _c203296
_d203296